000 00487cam a2200193ua 4500
001 2827
005 20260515113559.0
008 110909n ii |||gr||||Z||||||asm
040 _cMAIN
082 _a891.4512
100 1 _aBharali, Sailen,
_eAuthor.
245 1 1 _aNatyakala :
_bdesi aru bedesi /
_cby Sailen Bharali
250 _a2nd.
260 _aGuahati:
_bBani prakash pvt. ltd.,994.
300 _a108p:
_c23cm.
653 _aAssamese drama
653 _aNatyakala
942 _cBK
999 _c2674
_d2674